[Event "Bad Bertrich Seniors op 17th"]
[Site "Bad Bertrich"]
[Date "2009.12.07"]
[Round "4"]
[White "Graw, Rolf"]
[Black "Puetz, Rudolf"]
[Result "1-0"]
[WhiteElo "1687"]
[BlackElo "1466"]
[PlyCount "64"]
[EventDate "2009.12.04"]
[EventType "swiss"]
[EventRounds "9"]
[EventCountry "GER"]
[SourceTitle "EXT 2022"]
[Source "ChessBase"]
[SourceDate "2021.10.06"]
[SourceVersion "1"]
[SourceVersionDate "2021.10.06"]
[SourceQuality "1"]

1. e4 e5 2. Nf3 Nc6 3. Bc4 h6 4. 0-0 Nf6 5. Re1 Bc5 6. h3 0-0 7. c3 Na5 8. Nxe5 Nxc4 9. Nxc4 b5 10. Na5 Bb6 11. Nb3 Bb7 12. e5 Ne4 13. d4 Qh4 14. Be3 f5 15. N1d2 f4 16. Nf3 Qh5 17. Bc1 g5 18. Nbd2 Qg6 19. Qc2 d5 20. exd6 Rae8 21. Ne5 Qf5 22. Nxe4 f3 23. g4 Qh7 24. d7 Re7 25. Nf6+ Rxf6 26. d8Q+ Rf8 27. Qxh7+ Rxh7 28. Qxf8+ Kxf8 29. Re3 c5 30. Rd3 cxd4 31. cxd4 Ke7 32. Nxf3 Kd6 1-0